000
00342 a2200133 4500
999
_c
13045
_d
13045
003
OSt
005
20250807153146.0
008
250807b ||||| |||| 00| 0 eng d
020
_a
9783319887975
100
_a
DOREEN YARWOOD
245
_a
CITYSCAPE IN THE ERA OF INFORMATION AND COMMUNICATION TECHNOLOGIES
260
_b
SPRINGER
942
_2
ddc